| 000 | 00828nam a22002297a 4500 | ||
|---|---|---|---|
| 999 |
_c57594 _d57594 |
||
| 005 | 20221107164316.0 | ||
| 008 | 200810b xxu||||| |||| 00| 0 geo d | ||
| 020 | _a9781260566666 X | ||
| 041 | _aeng | ||
| 080 | _a612 G-19 | ||
| 245 |
_aGanong's Review Medical Physiology / _cKim E. Barrett, Susan M. Barman, Heddwen L. Brooks, Jason X.-J. Yuan |
||
| 250 | _aTwenty-sixth edition | ||
| 264 |
_aNew York: _bMcGraw Hill, _c2019. |
||
| 300 |
_a742 p. _bill. _c30 cm. |
||
| 653 | _aფიზიოლოგია | ||
| 653 | _aმედიცინა | ||
| 700 |
_aKim E. Barrett, Jason X.-J. Yuan _eავტორი _99161 |
||
| 700 |
_aSusan M. Barman, _eავტორი _99162 |
||
| 700 |
_aHeddwen L. Brooks, _eავტორი _99163 |
||
| 700 |
_aJason X.-J. Yuan _eავტორი _99164 |
||
| 942 |
_2udc _cBK |
||